00443nam a2200181Ia 4500008004100000020001400041050001400055100001700069245002100086245005200107260001500159260001600174260000900190300001600199300002700215300001100242500000800253170918s9999 xx 000 0 und d a449300021 bH895 1961 aHugo, Victor aLes miserables / cVictor Hugo ; translated by Charles E. Wilbour. aNew York : bScholastic, c1961 a400 pages : bcolored illustration ; c18cm.  a990